[Event "Bayern-chTT (RL Sued-West)"]
[Site "Bayern 2008/09"]
[Date "2009.03.29"]
[Round "9.2"]
[White "Antemia, Paul"]
[Black "Singer, Christoph(70)"]
[Result "0-1"]
[WhiteElo "2088"]
[BlackElo "2304"]
[PlyCount "68"]
[EventDate "2009.03.??"]
[EventType "team-tourn"]
[EventRounds "9"]
[WhiteTeam "Türkheim 1"]
[BlackTeam "München-Tarrasch 2"]

1. c4 e6 2. Nc3 d5 3. d4 Be7 4. Nf3 Nf6 5. e3 O-O 6. Bd3 dxc4 7. Bxc4 a6 8. O-O
b5 9. Bb3 Bb7 10. Qe2 c5 11. dxc5 Bxc5 12. a3 Nbd7 13. e4 Qc7 14. Bg5 h6 15.
Bh4 Qf4 16. Bg3 Qg4 17. Rad1 Rfd8 18. Bc7 Rdc8 19. h3 Qh5 20. Bh2 Bxa3 21. Ba2
Rxc3 22. bxc3 Bxe4 23. Nd4 Qxe2 24. Nxe2 Rc8 25. Bd6 Nc5 26. Rd4 a5 27. Rfd1 a4
28. f3 Bc2 29. R1d2 Bb3 30. Bb1 Nd5 31. f4 Bc4 32. f5 Rc6 33. fxe6 fxe6 34. Be5
Nb3 0-1

[Event "Bayern-chTT (RL Sued-West)"]
[Site "Bayern 2008/09"]
[Date "2009.03.29"]
[Round "9.3"]
[White "Buchner, Rudolf"]
[Black "Fischer, Manfred Dr(57)"]
[Result "1/2-1/2"]
[WhiteElo "2191"]
[BlackElo "2109"]
[PlyCount "150"]
[EventDate "2009.03.??"]
[EventType "team-tourn"]
[EventRounds "9"]
[WhiteTeam "München-Tarrasch 2"]
[BlackTeam "Türkheim 1"]

1. e4 e5 2. Nf3 d6 3. Bc4 Be7 4. c3 Nf6 5. Qe2 O-O 6. O-O c6 7. d3 b5 8. Bb3
Nbd7 9. d4 Bb7 10. Rd1 Qc7 11. Nbd2 c5 12. d5 c4 13. Bc2 g6 14. Nf1 Nh5 15. Bh6
Rfe8 16. Qd2 Bf8 17. Be3 Ng7 18. Ng3 Be7 19. h3 Kh8 20. Bh6 Nf6 21. Rf1 Ng8 22.
Be3 Rf8 23. Bh6 Bc8 24. Rad1 f6 25. Be3 f5 26. exf5 gxf5 27. Bg5 Qd8 28. Bxe7
Qxe7 29. Rfe1 Bd7 30. Qg5 Rf6 31. Nd4 Qf7 32. Nf3 Ne7 33. Nh4 h6 34. Qd2 Rg8
35. Kh2 Nh5 36. Nxh5 Qxh5 37. g3 Rf7 38. Qe2 Qg5 39. Nf3 Qg7 40. Rg1 Ng6 41.
Rde1 Rf6 42. a4 a6 43. axb5 axb5 44. Ra1 e4 45. Nd4 Ne5 46. Ra7 Qg5 47. Rxd7
Nxd7 48. Ne6 Rxe6 49. dxe6 Ne5 50. Ra1 d5 51. Qe3 Nf3+ 52. Kh1 Qxe3 53. fxe3
Rxg3 54. e7 Rg8 55. Rf1 Kg7 56. Bd1 Kf6 57. Bxf3 exf3 58. Rxf3 Re8 59. Kg2 Rxe7
60. Kf2 Ra7 61. Kg3 Ke5 62. Rf2 Ke4 63. Rd2 Kxe3 64. Rxd5 f4+ 65. Kh2 f3 66.
Re5+ Kf4 67. Rxb5 Rg7 68. Rb6 Ke3 69. Re6+ Kf2 70. Rxh6 Rg2+ 71. Kh1 Ke1 72.
Rf6 Rg3 73. Kh2 Rg2+ 74. Kh1 Rg3 75. Kh2 Rg2+ 1/2-1/2

[Event "Bayern-chTT (RL Sued-West)"]
[Site "Bayern 2008/09"]
[Date "2009.03.29"]
[Round "9.4"]
[White "Groenegress, Wilfried"]
[Black "Haritonov, Alexander"]
[Result "0-1"]
[WhiteElo "2036"]
[BlackElo "2201"]
[PlyCount "150"]
[EventDate "2009.03.??"]
[EventType "team-tourn"]
[EventRounds "9"]
[WhiteTeam "Türkheim 1"]
[BlackTeam "München-Tarrasch 2"]

1. e4 Nf6 2. e5 Nd5 3. d4 d6 4. c4 Nb6 5. exd6 cxd6 6. Nc3 g6 7. Be3 Bg7 8. Rc1
O-O 9. b3 Nc6 10. d5 Ne5 11. Be2 f5 12. Qd2 Ng4 13. Bf4 Nd7 14. Nf3 Nc5 15. O-O
a5 16. Nd4 Rf7 17. Bxg4 fxg4 18. Be3 Be5 19. f4 Bg7 20. Rf2 Qf8 21. Rcf1 Bf5
22. Nxf5 gxf5 23. Bd4 Bxd4 24. Qxd4 Qg7 25. Qxg7+ Kxg7 26. Rd2 Rc8 27. Rb1 Kf6
28. g3 h5 29. a3 h4 30. b4 axb4 31. axb4 Nd7 32. Rd4 hxg3 33. hxg3 Rh7 34. Nd1
Rh3 35. Kg2 Ra8 36. Nf2 Ra2 37. Rdd1 Rh8 38. Ra1 Rha8 39. Rxa2 Rxa2 40. Kg1 Rc2
41. Rd4 Rc1+ 42. Kg2 Nb6 43. c5 dxc5 44. bxc5 Rxc5 45. d6 Nd7 46. dxe7 Kxe7 47.
Kf1 Nf6 48. Rb4 b5 49. Rb3 Kd6 50. Nd3 Rd5 51. Nb4 Ne4 52. Nxd5 Nd2+ 53. Ke2
Nxb3 54. Ne3 Ke6 55. Kd3 Nc5+ 56. Kd4 Ne4 57. Nxg4 Nxg3 58. Ne3 Kd6 59. Nc2 Nh5
60. Ne3 Ng7 61. Kc3 Kc5 62. Nc2 Nh5 63. Ne3 Ng3 64. Nc2 Ne4+ 65. Kb3 Nd2+ 66.
Kc3 Nc4 67. Kb3 Kd5 68. Kb4 Nd6 69. Ne1 Kd4 70. Ng2 Kd3 71. Nh4 Ke4 72. Kc5
Kxf4 73. Kxd6 b4 74. Ng6+ Ke4 75. Ne5 f4 0-1

[Event "Bayern-chTT (RL Sued-West)"]
[Site "Bayern 2008/09"]
[Date "2009.03.29"]
[Round "9.5"]
[White "Trescher, Manfred"]
[Black "Tudosa, Daniel"]
[Result "1/2-1/2"]
[WhiteElo "2134"]
[BlackElo "2027"]
[PlyCount "140"]
[EventDate "2009.03.??"]
[EventType "team-tourn"]
[EventRounds "9"]
[WhiteTeam "München-Tarrasch 2"]
[BlackTeam "Türkheim 1"]

1. e4 c5 2. Nf3 Nc6 3. Bb5 g6 4. O-O Bg7 5. c3 Qb6 6. Na3 a6 7. Ba4 Qc7 8. d4
b5 9. Bb3 d6 10. dxc5 dxc5 11. Be3 c4 12. Bc2 Bg4 13. h3 Rd8 14. Qe2 Bxf3 15.
Qxf3 Nf6 16. Rad1 O-O 17. Bf4 Ne5 18. Qe3 Nfd7 19. Nb1 Qc5 20. b4 Qc6 21. Bg3
Qb6 22. Bf4 h5 23. Rd2 Qxe3 24. Bxe3 Nb8 25. Rfd1 Nec6 26. Bb6 Rxd2 27. Rxd2
Be5 28. g3 h4 29. f4 Bg7 30. a4 Bh6 31. axb5 axb5 32. Rd5 hxg3 33. Rxb5 Bxf4
34. Rd5 Ne5 35. Kg2 Nbd7 36. Bc7 Ra8 37. Ba5 g5 38. Na3 e6 39. Rd4 Be3 40. Rd6
Bf2 41. Nb5 Nf6 42. Rd8+ Rxd8 43. Bxd8 Kg7 44. Bc7 Nfd7 45. Nd4 Kg6 46. Ne2 Be1
47. b5 Nd3 48. Bxg3 Bxg3 49. Kxg3 N7c5 50. b6 Ne5 51. Nd4 Ned7 52. e5+ Kh6 53.
Nf3 Nxb6 54. Kg4 Nbd7 55. Nxg5 Nxe5+ 56. Kf4 Ned3+ 57. Kg4 f5+ 58. Kh4 Kg6 59.
Nf3 Kf6 60. Nd2 Ne5 61. Kg3 Ncd7 62. Bd1 Nb6 63. Be2 Nd5 64. Nxc4 Nxc3 65. Bf1
Ne4+ 66. Kf4 Ng6+ 67. Ke3 e5 68. Bd3 Ng3 69. Nxe5 f4+ 70. Kf3 Nxe5+ 1/2-1/2

[Event "Bayern-chTT (RL Sued-West)"]
[Site "Bayern 2008/09"]
[Date "2009.03.29"]
[Round "9.6"]
[White "Zellweger, Wilfried"]
[Black "Rasch, Gerhard"]
[Result "1/2-1/2"]
[WhiteElo "1967"]
[BlackElo "2063"]
[PlyCount "56"]
[EventDate "2009.03.??"]
[EventType "team-tourn"]
[EventRounds "9"]
[WhiteTeam "Türkheim 1"]
[BlackTeam "München-Tarrasch 2"]

1. e4 e6 2. d4 d5 3. Nc3 Bb4 4. Bd2 dxe4 5. Qg4 Qxd4 6. Nf3 Qf6 7. Qxe4 Qe7 8.
O-O-O Nf6 9. Qh4 Nc6 10. Bb5 Bd7 11. Rhe1 O-O-O 12. a3 Bc5 13. Bf4 Bxa3 14. Bg5
Qb4 15. bxa3 Qxc3 16. Re3 Qa1+ 17. Kd2 Be8+ 18. Bd3 Qb2 19. Ke1 Qc3+ 20. Kf1
Nd5 21. Ree1 f6 22. Bd2 Qc5 23. Rxe6 g5 24. Qh6 Bd7 25. Ree1 g4 26. Nh4 Nd4 27.
c4 Nb6 28. Qxf6 Rhf8 1/2-1/2

[Event "Bayern-chTT (RL Sued-West)"]
[Site "Bayern 2008/09"]
[Date "2009.03.29"]
[Round "9.7"]
[White "Koch, Enrico"]
[Black "Roell, Horst"]
[Result "0-1"]
[WhiteElo "2046"]
[BlackElo "1768"]
[PlyCount "60"]
[EventDate "2009.03.??"]
[EventType "team-tourn"]
[EventRounds "9"]
[WhiteTeam "München-Tarrasch 2"]
[BlackTeam "Türkheim 1"]

1. Nf3 Nf6 2. c4 c5 3. Nc3 Nc6 4. d4 cxd4 5. Nxd4 Nxd4 6. Qxd4 g6 7. e4 d6 8.
Be2 Bg7 9. Bg5 O-O 10. Qd2 Be6 11. O-O Rc8 12. b3 Re8 13. Rac1 Qa5 14. Qf4 Nh5
15. Bxh5 Bxc3 16. Qg3 Bg7 17. Bd1 Qxa2 18. f4 f6 19. Bh4 Qb2 20. Qe3 f5 21. Bf2
fxe4 22. Bc2 d5 23. Qxa7 dxc4 24. Bxe4 cxb3 25. Rxc8 Rxc8 26. Qb6 Bf7 27. Qxb7
Rc1 28. Bd5 Rxf1+ 29. Kxf1 Qc1+ 30. Ke2 Qc2+ 0-1

[Event "Bayern-chTT (RL Sued-West)"]
[Site "Bayern 2008/09"]
[Date "2009.03.29"]
[Round "9.8"]
[White "Schmidt, Thomas Dr(64)"]
[Black "Grotz, Stephan Dr"]
[Result "1-0"]
[WhiteElo "1797"]
[BlackElo "1974"]
[PlyCount "59"]
[EventDate "2009.03.??"]
[EventType "team-tourn"]
[EventRounds "9"]
[WhiteTeam "Türkheim 1"]
[BlackTeam "München-Tarrasch 2"]

1. d4 g6 2. Nf3 Bg7 3. e4 d6 4. h3 Nd7 5. Be3 Ngf6 6. Bd3 O-O 7. Qd2 c5 8. Nc3
a6 9. a4 cxd4 10. Nxd4 Nc5 11. O-O Bd7 12. Nde2 Bc6 13. Ng3 h5 14. Bg5 Re8 15.
f4 Qb6 16. Kh1 e6 17. f5 exf5 18. exf5 Nfe4 19. Ngxe4 Bxe4 20. Nxe4 Rxe4 21.
fxg6 Nxd3 22. gxf7+ Kf8 23. Qxd3 Qc6 24. Rad1 Rc8 25. Qxd6+ Qxd6 26. Rxd6 Rec4
27. Rd7 Re4 28. Rxb7 Re2 29. c3 Re6 30. Rd7 1-0

[Event "Bayern-chTT (RL Sued-West)"]
[Site "Bayern 2008/09"]
[Date "2009.03.29"]
[Round "9.1"]
[White "Wolfsteiner, Helmut"]
[Black "Hoy, Bernd"]
[Result "1-0"]
[WhiteElo "2255"]
[BlackElo "2239"]
[PlyCount "79"]
[EventDate "2009.03.??"]
[EventType "team-tourn"]
[EventRounds "9"]
[WhiteTeam "Kriegshaber 1"]
[BlackTeam "Klosterlechfeld 1"]

1. Nf3 g6 2. c4 Bg7 3. Nc3 Nf6 4. d4 O-O 5. e4 d6 6. Be2 e5 7. O-O Nc6 8. d5
Ne7 9. b4 Ne8 10. Nd2 f5 11. c5 Kh8 12. a4 c6 13. Nc4 fxe4 14. dxc6 d5 15. cxb7
Bxb7 16. Na5 Qc7 17. Nxb7 Qxb7 18. b5 Nf6 19. c6 Qc7 20. Bg5 Rad8 21. Qb3 Qb8
22. Qa2 h6 23. Bxf6 Rxf6 24. Bg4 Rf4 25. Bd7 d4 26. Nd5 Nxd5 27. Qxd5 e3 28.
fxe3 dxe3 29. Qc5 Qc7 30. Qxe3 Rdf8 31. g3 Qd6 32. gxf4 exf4 33. Rad1 Qxd1 34.
Rxd1 fxe3 35. c7 e2 36. Re1 Bd4+ 37. Kg2 Rf2+ 38. Kg3 Rf8 39. c8=Q Bf2+ 40. Kg2
1-0

[Event "Bayern-chTT (RL Sued-West)"]
[Site "Bayern 2008/09"]
[Date "2009.03.29"]
[Round "9.2"]
[White "Hornung, Hans Dr"]
[Black "Bintakies, Michael"]
[Result "0-1"]
[WhiteElo "2022"]
[BlackElo "2127"]
[PlyCount "42"]
[EventDate "2009.03.??"]
[EventType "team-tourn"]
[EventRounds "9"]
[WhiteTeam "Klosterlechfeld 1"]
[BlackTeam "Kriegshaber 1"]

1. Nf3 f5 2. c4 Nf6 3. g3 g6 4. b4 Bg7 5. Bb2 d6 6. d4 e5 7. dxe5 Nfd7 8. Bg2
Nc6 9. O-O Ndxe5 10. Nxe5 dxe5 11. Bxc6+ bxc6 12. Qxd8+ Kxd8 13. Nd2 Rb8 14.
Bc3 Ba6 15. e4 Re8 16. exf5 gxf5 17. f4 Re7 18. Rad1 Kc8 19. Rfe1 e4 20. Bxg7
Rxg7 21. a4 Rxb4 0-1

[Event "Bayern-chTT (RL Sued-West)"]
[Site "Bayern 2008/09"]
[Date "2009.03.29"]
[Round "9.3"]
[White "Stoer, Andreas"]
[Black "Heinrich, Helmut(60)"]
[Result "1-0"]
[WhiteElo "2122"]
[BlackElo "2006"]
[PlyCount "70"]
[EventDate "2009.03.??"]
[EventType "team-tourn"]
[EventRounds "9"]
[WhiteTeam "Kriegshaber 1"]
[BlackTeam "Klosterlechfeld 1"]

1. c4 Nf6 2. Nf3 b6 3. g3 Bb7 4. Bg2 e6 5. O-O Be7 6. Nc3 O-O 7. Re1 d6 8. e4
h6 9. d4 Nbd7 10. Qc2 a6 11. Bd2 Rc8 12. Rad1 c5 13. d5 e5 14. Nh4 Kh7 15. f4
Ng8 16. Nf3 Bf6 17. g4 g5 18. fxg5 Bxg5 19. Bxg5 hxg5 20. Qd2 Kg6 21. h4 f6 22.
Ne2 Nh6 23. Ng3 b5 24. Nf5 Nb6 25. cxb5 axb5 26. Rf1 Ra8 27. a3 Nc4 28. Qc1
Nxg4 29. Bh3 Nh6 30. Rf2 Nf7 31. Bf1 Rg8 32. Rg2 Kh7 33. hxg5 Nxg5 34. Nxg5+
Rxg5 35. Rd3 Kg6 1-0

[Event "Bayern-chTT (RL Sued-West)"]
[Site "Bayern 2008/09"]
[Date "2009.03.29"]
[Round "9.4"]
[White "Winterkamp, Stefan"]
[Black "Jermann, Frank Dr"]
[Result "1/2-1/2"]
[WhiteElo "1978"]
[BlackElo "2088"]
[PlyCount "50"]
[EventDate "2009.03.??"]
[EventType "team-tourn"]
[EventRounds "9"]
[WhiteTeam "Klosterlechfeld 1"]
[BlackTeam "Kriegshaber 1"]

1. b3 f5 2. Bb2 Nf6 3. e3 g6 4. Nf3 Bg7 5. d4 O-O 6. Be2 d6 7. O-O Qe8 8. c4 e5
9. dxe5 Nfd7 10. Qd5+ Kh8 11. Nc3 Nxe5 12. Nxe5 dxe5 13. e4 f4 14. Rfd1 Nc6 15.
Qd2 Nd4 16. Nd5 Qf7 17. Bxd4 exd4 18. Rab1 Be6 19. f3 c6 20. Nb4 Rad8 21. Nd3
b6 22. c5 b5 23. Qa5 g5 24. Qa6 Qc7 25. Nb4 Rc8 1/2-1/2

[Event "Bayern-chTT (RL Sued-West)"]
[Site "Bayern 2008/09"]
[Date "2009.03.29"]
[Round "9.5"]
[White "Stelter, Felix"]
[Black "Birnbaum, Karsten"]
[Result "1-0"]
[WhiteElo "2132"]
[BlackElo "1933"]
[PlyCount "63"]
[EventDate "2009.03.??"]
[EventType "team-tourn"]
[EventRounds "9"]
[WhiteTeam "Kriegshaber 1"]
[BlackTeam "Klosterlechfeld 1"]

1. d4 d6 2. c4 g6 3. Nc3 Bg7 4. e4 Nf6 5. f4 O-O 6. Nf3 c5 7. d5 Qa5 8. Bd2 Qb6
9. Be2 Nh5 10. O-O Bg4 11. h3 Bxf3 12. Rxf3 Bd4+ 13. Kh1 Nd7 14. g4 Ng7 15. Nb5
e5 16. Rb3 Bf2 17. Kg2 Bh4 18. Nd4 cxd4 19. Rxb6 axb6 20. Qb3 f5 21. exf5 gxf5
22. Qb5 Rad8 23. fxe5 dxe5 24. Rf1 f4 25. Bf3 Rf6 26. b4 Nf8 27. c5 Nd7 28. Qc4
b5 29. Qd3 Ra6 30. d6 Nf8 31. Bxb7 Rxa2 32. Bd5+ 1-0

[Event "Bayern-chTT (RL Sued-West)"]
[Site "Bayern 2008/09"]
[Date "2009.03.29"]
[Round "9.6"]
[White "Koelbl, Wolfgang"]
[Black "Demel, Paul"]
[Result "0-1"]
[WhiteElo "1820"]
[BlackElo "2053"]
[PlyCount "68"]
[EventDate "2009.03.??"]
[EventType "team-tourn"]
[EventRounds "9"]
[WhiteTeam "Klosterlechfeld 1"]
[BlackTeam "Kriegshaber 1"]

1. d4 d5 2. c4 e6 3. Nc3 Be7 4. Nf3 Nf6 5. Bg5 h6 6. Bh4 O-O 7. e3 b6 8. cxd5
exd5 9. Rc1 Be6 10. Bd3 c5 11. dxc5 bxc5 12. O-O Nbd7 13. Qe2 Ng4 14. Bg3 Bf6
15. Rfd1 Qa5 16. Bb5 Bxc3 17. Rxc3 Ngf6 18. Bd6 Rfc8 19. Ne5 Nxe5 20. Bxe5 c4
21. Bxf6 gxf6 22. Qh5 Qxb5 23. Qxh6 Qxb2 24. Qxf6 Qe2 25. Rf1 Qg4 26. e4 Qxe4
27. Qh6 Bf5 28. Rg3+ Bg6 29. Rh3 Qd4 30. Rh4 Qg7 31. Qd2 c3 32. Qxd5 c2 33. Rc1
Qb2 34. Qd2 Rd8 0-1

[Event "Bayern-chTT (RL Sued-West)"]
[Site "Bayern 2008/09"]
[Date "2009.03.29"]
[Round "9.7"]
[White "Schechter, Dimitri"]
[Black "Billing, Alexander"]
[Result "1-0"]
[WhiteElo "2082"]
[BlackElo "1835"]
[PlyCount "83"]
[EventDate "2009.03.??"]
[EventType "team-tourn"]
[EventRounds "9"]
[WhiteTeam "Kriegshaber 1"]
[BlackTeam "Klosterlechfeld 1"]

1. Nf3 d5 2. d4 Nf6 3. g3 e6 4. Bg2 Bd6 5. O-O O-O 6. c4 c6 7. Qc2 Nbd7 8. Rd1
Qe7 9. Nbd2 Re8 10. e4 dxe4 11. Nxe4 Nxe4 12. Qxe4 e5 13. d5 Nc5 14. Qc2 e4 15.
Nd4 cxd5 16. cxd5 Nd3 17. Be3 Bg4 18. Rf1 Rac8 19. Qb3 Bc5 20. h3 Bxd4 21. Bxd4
Be2 22. Rfb1 Qb4 23. Bxa7 Qd6 24. Qxb7 Rcd8 25. Be3 Qxd5 26. Qxd5 Rxd5 27. a4
f5 28. b4 Rb8 29. b5 Bh5 30. g4 Bg6 31. gxf5 Bxf5 32. b6 Ne5 33. Bf4 Rb7 34.
Bxe5 Rxe5 35. a5 Rb8 36. a6 Ree8 37. a7 e3 38. axb8=Q Rxb8 39. Rb2 e2 40. b7
Bd3 41. f4 Ba6 42. Kf2 1-0

[Event "Bayern-chTT (RL Sued-West)"]
[Site "Bayern 2008/09"]
[Date "2009.03.29"]
[Round "9.1"]
[White "Kosic, Dragan"]
[Black "Jussupow, Nadia"]
[Result "1-0"]
[WhiteElo "2528"]
[BlackElo "2141"]
[PlyCount "67"]
[EventDate "2009.03.??"]
[EventType "team-tourn"]
[EventRounds "9"]
[WhiteTeam "München-SuedOst 1"]
[BlackTeam "Krumbach 2"]

1. d4 d5 2. Bf4 Bf5 3. e3 c6 4. Nf3 Nf6 5. c4 e6 6. Nc3 Be7 7. Qb3 Qb6 8. c5
Qxb3 9. axb3 Nbd7 10. b4 O-O 11. b5 Ne4 12. bxc6 bxc6 13. Ba6 g5 14. Bc7 g4 15.
Ne5 Nxe5 16. Bxe5 f6 17. Bc7 Rf7 18. Bf4 Bf8 19. Nxe4 Bxe4 20. O-O Re8 21. b4
e5 22. Bg3 Bg7 23. Rfd1 Rb8 24. Be2 Rxb4 25. Bxg4 Kf8 26. Ra6 Bc2 27. Rc1 Rfb7
28. h3 Rb1 29. Rxb1 Rxb1+ 30. Kh2 f5 31. Bh5 exd4 32. Bd6+ Kg8 33. Rxa7 Bf6 34.
Ra8+ 1-0

[Event "Bayern-chTT (RL Sued-West)"]
[Site "Bayern 2008/09"]
[Date "2009.03.29"]
[Round "9.2"]
[White "Jussupow, Ekaterina"]
[Black "Kostic, Vladimir"]
[Result "0-1"]
[WhiteElo "2152"]
[BlackElo "2376"]
[PlyCount "42"]
[EventDate "2009.03.??"]
[EventType "team-tourn"]
[EventRounds "9"]
[WhiteTeam "Krumbach 2"]
[BlackTeam "München-SuedOst 1"]

1. d4 d5 2. c4 c6 3. e3 Nf6 4. Nc3 e6 5. Nf3 Nbd7 6. Bd3 dxc4 7. Bxc4 b5 8. Be2
Bb7 9. O-O a6 10. b3 c5 11. Bb2 Be7 12. dxc5 Bxc5 13. Nd4 O-O 14. Bf3 Bxf3 15.
Nxf3 Rc8 16. Qd3 Be7 17. Rfd1 Nc5 18. Qd4 Qc7 19. Ng5 Rfd8 20. Qh4 h6 21. f4
Nd3 0-1

[Event "Bayern-chTT (RL Sued-West)"]
[Site "Bayern 2008/09"]
[Date "2009.03.29"]
[Round "9.3"]
[White "Hoefelsauer, Thomas"]
[Black "Jussupow, Alexander"]
[Result "0-1"]
[WhiteElo "2068"]
[BlackElo "2059"]
[PlyCount "99"]
[EventDate "2009.03.??"]
[EventType "team-tourn"]
[EventRounds "9"]
[WhiteTeam "München-SuedOst 1"]
[BlackTeam "Krumbach 2"]

1. e4 e6 2. d4 d5 3. Nc3 dxe4 4. Nxe4 Bd7 5. Nf3 Bc6 6. Ng3 Nd7 7. Bd3 Ngf6 8.
O-O Be7 9. c4 O-O 10. Re1 Bb4 11. Nd2 Nb6 12. a3 Be7 13. Nf3 Bxf3 14. Qxf3 Qxd4
15. Bf4 Bd6 16. Ne2 Qc5 17. Be3 Qe5 18. Ng3 Bc5 19. Bf4 Qxb2 20. Rab1 Qxa3 21.
Be5 Nbd7 22. Bb2 Qa6 23. Nh5 Qc6 24. Re4 Nxh5 25. Qxh5 f5 26. Rh4 h6 27. Qg6 e5
28. Rxh6 Qxg6 29. Rxg6 Rf7 30. Re1 e4 31. Bc2 a5 32. Ra1 a4 33. Ba3 Bd4 34. Rd1
Ne5 35. Re6 c5 36. Rxd4 cxd4 37. Rxe5 d3 38. Bd1 g6 39. Re6 Ra6 40. Re8+ Kh7
41. Bb2 Kh6 42. Rh8+ Rh7 43. Bc1+ g5 44. Rg8 Rg6 45. Ra8 Rb6 46. Rg8 f4 47. g4
Rg7 48. Rh8+ Kg6 49. h4 Kf7 50. h5 0-1

[Event "Bayern-chTT (RL Sued-West)"]
[Site "Bayern 2008/09"]
[Date "2009.03.29"]
[Round "9.4"]
[White "Lutz, Albert(45)"]
[Black "Bucan, Djordje"]
[Result "1/2-1/2"]
[WhiteElo "2045"]
[BlackElo "2089"]
[PlyCount "50"]
[EventDate "2009.03.??"]
[EventType "team-tourn"]
[EventRounds "9"]
[WhiteTeam "Krumbach 2"]
[BlackTeam "München-SuedOst 1"]

1. Nf3 c5 2. c4 Nc6 3. d4 cxd4 4. Nxd4 Nf6 5. Nc3 d5 6. cxd5 Nxd5 7. Nxc6 bxc6
8. e4 Nxc3 9. Qxd8+ Kxd8 10. bxc3 e5 11. Bc4 f6 12. Be3 Bd6 13. O-O Kc7 14.
Rfd1 Rd8 15. Rab1 Ba3 16. Rxd8 Kxd8 17. Rb3 Bd6 18. f3 Kc7 19. a4 a5 20. Bb6+
Kd7 21. Kf2 Bc7 22. Bc5 Bd6 23. Bb6 Bc7 24. Bc5 Bd6 25. Bb6 Bc7 1/2-1/2

[Event "Bayern-chTT (RL Sued-West)"]
[Site "Bayern 2008/09"]
[Date "2009.03.29"]
[Round "9.5"]
[White "Bergauz, Avigdor"]
[Black "Riedel, Lutz"]
[Result "1-0"]
[WhiteElo "2037"]
[BlackElo "1997"]
[PlyCount "79"]
[EventDate "2009.03.??"]
[EventType "team-tourn"]
[EventRounds "9"]
[WhiteTeam "München-SuedOst 1"]
[BlackTeam "Krumbach 2"]

1. c4 c5 2. Nc3 Nc6 3. g3 Nf6 4. Bg2 e6 5. e4 a6 6. Nge2 Qc7 7. f4 d6 8. O-O
Be7 9. h3 O-O 10. Kh2 Rb8 11. a4 Nd4 12. d3 Nxe2 13. Qxe2 Bd7 14. e5 Ne8 15.
Bd2 b5 16. axb5 axb5 17. Nxb5 Bxb5 18. cxb5 Rxb5 19. exd6 Nxd6 20. Bc3 Bf6 21.
Ra6 Nf5 22. Rfa1 Bd4 23. R1a2 g6 24. Bc6 Rbb8 25. Be4 Qd8 26. g4 Ne3 27. g5 Qc7
28. Qf3 Nc2 29. h4 Nb4 30. Ra7 Qd6 31. R2a3 c4 32. dxc4 Bxa7 33. Rxa7 Rfd8 34.
h5 Qc5 35. hxg6 hxg6 36. Ra1 Qxc4 37. Kg3 Nd3 38. Rh1 e5 39. fxe5 Rb3 40. Qf6
1-0

[Event "Bayern-chTT (RL Sued-West)"]
[Site "Bayern 2008/09"]
[Date "2009.03.29"]
[Round "9.6"]
[White "Maurer, Rainer(63)"]
[Black "Hittinger, Christian"]
[Result "1-0"]
[WhiteElo "1911"]
[BlackElo "2076"]
[PlyCount "53"]
[EventDate "2009.03.??"]
[EventType "team-tourn"]
[EventRounds "9"]
[WhiteTeam "Krumbach 2"]
[BlackTeam "München-SuedOst 1"]

1. d4 Nf6 2. Nf3 g6 3. Nc3 d5 4. Bf4 Bg7 5. e3 O-O 6. Be2 c6 7. Ne5 Nfd7 8. h4
Nxe5 9. dxe5 Nd7 10. h5 Nxe5 11. hxg6 fxg6 12. Bh6 Qb6 13. Bxg7 Kxg7 14. Qd2 a5
15. O-O-O h5 16. f3 Be6 17. Rh4 Rh8 18. Na4 Qc7 19. Qd4 g5 20. Rh2 Kf7 21. Rdh1
Kg6 22. Nc5 Qd6 23. g4 h4 24. Nxe6 Qxe6 25. f4 Kf6 26. fxe5+ Qxe5 27. Rf2+ 1-0

[Event "Bayern-chTT (RL Sued-West)"]
[Site "Bayern 2008/09"]
[Date "2009.03.29"]
[Round "9.7"]
[White "Melzner, Lukas"]
[Black "Gulde, Josef(49)"]
[Result "1-0"]
[WhiteElo "1973"]
[BlackElo "1862"]
[PlyCount "69"]
[EventDate "2009.03.??"]
[EventType "team-tourn"]
[EventRounds "9"]
[WhiteTeam "München-SuedOst 1"]
[BlackTeam "Krumbach 2"]

1. c4 Nf6 2. Nc3 e6 3. e4 d5 4. e5 d4 5. exf6 dxc3 6. bxc3 Qxf6 7. d4 h6 8. Nf3
Nd7 9. Bd3 c6 10. O-O Bd6 11. Nd2 Qd8 12. Ne4 Bf8 13. Re1 Nf6 14. Qf3 Be7 15.
Nxf6+ gxf6 16. Qg3 Kf8 17. Bf4 Qa5 18. Qe3 h5 19. Bc2 h4 20. Kh1 Bd7 21. Bb3
Re8 22. c5 b6 23. cxb6 axb6 24. Red1 Qf5 25. g4 hxg3 26. Bh6+ Kg8 27. Rg1 Bd6
28. Rg2 Rxh6 29. Qxh6 Bf4 30. Qh4 Kg7 31. Rag1 c5 32. Bc2 Qxc2 33. Qxf4 Bc6 34.
f3 Qxc3 35. Rxg3+ 1-0

[Event "Bayern-chTT (RL Sued-West)"]
[Site "Bayern 2008/09"]
[Date "2009.03.29"]
[Round "9.8"]
[White "Fischer, Ernst(68)"]
[Black "Benedde, Guenter"]
[Result "1/2-1/2"]
[WhiteElo "1841"]
[BlackElo "1962"]
[PlyCount "44"]
[EventDate "2009.03.??"]
[EventType "team-tourn"]
[EventRounds "9"]
[WhiteTeam "Krumbach 2"]
[BlackTeam "München-SuedOst 1"]

1. e4 e6 2. d4 d5 3. Nc3 dxe4 4. Nxe4 Nf6 5. Bg5 Be7 6. Nxf6+ Bxf6 7. Bxf6 Qxf6
8. Nf3 O-O 9. Qd2 b6 10. O-O-O Bb7 11. Ne5 Rd8 12. Qe3 Nd7 13. Bb5 Nxe5 14.
dxe5 Qh4 15. Rxd8+ Rxd8 16. f3 c5 17. g3 Qb4 18. Bd3 c4 19. c3 Qa4 20. Bb1 Qd7
21. Bc2 Qc7 22. Rd1 Rd5 1/2-1/2